| 000 | 00376nam a2200133Ia 4500 | ||
|---|---|---|---|
| 008 | 210428s9999 xx 000 0 und d | ||
| 020 | _a100-100-100-100 | ||
| 082 | _a660.28 T1286 I | ||
| 100 |
_aM.A.Tahir _952185 |
||
| 245 | 0 |
_aIntroduction to Applied Process Control / _cM. A. Tahir |
|
| 260 |
_bMaktaba Jadeed Press _aIslamabad _c2005 |
||
| 300 | _a569p | ||
| 942 |
_cBK _2ddc |
||
| 999 |
_c559952 _d559952 |
||